000 00863nam a2200229 a 4500
008 960126s1965||||[C 0 cze c
040 _aSNK
_bslo
_cSNK
_eAACR2
041 1 _acze
080 _a141.82(075)
245 1 0 _aZáklady vědeckého komunismu
_bUčební text pro posl. stranického vzdělávání ; Sest. [kol.] pod ved. Viktor Grigorievič Afanasiev ; Přel. Miroslav Mervart
250 _a1. vyd.
260 _aPraha
_c1965
_eS.l.Rudé právo
_fRudé právo
_bNakladateství politické literatury
300 _a371, [9] s.
_c
490 0 _aUčebnice pro stř. stupeň stranického vzdělávání
500 _aOdkazy na lit. Obálka: Oldřich Pošmurný.
700 1 _aAfanasiev, Viktor Grigorievič
_4com
700 1 _aMervart, Miroslav
_4trl
765 0 _tNačalnyj kurs naučnogo kommunizma
020 _c17,60
044 _aCZ
958 _aA
999 _c15474
_d15474